000 00670nam a2200241Ia 4500
003 OSt
005 20220924124338.0
006 a|||||r|||| 00| 0
007 ta
008 220923b |||||||| |||| 00| 0 san d
024 _a247034
037 _cTextual
040 _aARTS
_cARTS
_bsan
041 _2san
_asan
082 _aO15,2:g(NT), M5
100 _aJalaj Jai Kumar
_9195521
245 0 _aSanskrit aur Hindi natak rachna evam rangkarm
260 _aNew Delhi
_b Radhakrishan India
_c1985
300 _a290p.
_ccm.
650 _aSANSKRIT LITERATURE
942 _hO15,2:g(NT), M5
_cTEXL
_2CC
999 _c419353
_d419353